Schaum's outline of theory and problems of electromagnetics (Record no. 4555)

000 -LEADER
fixed length control field 00729 a2200265 4500
020 ## - INTERNATIONAL STANDARD BOOK NUMBER
International Standard Book Number 0070189935
020 ## - INTERNATIONAL STANDARD BOOK NUMBER
International Standard Book Number 0070212341
020 ## - INTERNATIONAL STANDARD BOOK NUMBER
International Standard Book Number 0070212341
020 ## - INTERNATIONAL STANDARD BOOK NUMBER
International Standard Book Number 0070189935
020 ## - INTERNATIONAL STANDARD BOOK NUMBER
International Standard Book Number 0078427126
040 ## - CATALOGING SOURCE
Original cataloging agency DLC
Language of cataloging DLC
082 04 - DEWEY DECIMAL CLASSIFICATION NUMBER
Classification number 621.3
082 04 - DEWEY DECIMAL CLASSIFICATION NUMBER
Classification number 621.3
082 04 - DEWEY DECIMAL CLASSIFICATION NUMBER
Classification number 621.3
100 1# - MAIN ENTRY--PERSONAL NAME
Personal name Edminister, Joseph.
245 10 - TITLE STATEMENT
Title Schaum's outline of theory and problems of electromagnetics
Statement of responsibility, etc. Joseph A. Edminister.
246 30 - VARYING FORM OF TITLE
Title proper/short title Theory and problems of electromagnetics
250 ## - EDITION STATEMENT
Edition statement 2nd ed.
260 ## - PUBLICATION, DISTRIBUTION, ETC.
Place of publication, distribution, etc. New York :
Name of publisher, distributor, etc. McGraw-Hill,
Date of publication, distribution, etc. c1993.
300 ## - PHYSICAL DESCRIPTION
Extent vii, 338 p. :
Other physical details ill. ;
Dimensions 28 cm.
440 #0 - SERIES STATEMENT/ADDED ENTRY--TITLE
Title Schaum's outline series
500 ## - GENERAL NOTE
General note Includes index.
650 #0 - SUBJECT ADDED ENTRY--TOPICAL TERM
Topical term or geographic name entry element Electromagnetism.
942 ## - ADDED ENTRY ELEMENTS (KOHA)
Koha item type Book
Call number prefix 621.3 EDM
Source of classification or shelving scheme
Holdings
Withdrawn status Lost status Damaged status Not for loan Collection code Permanent Location Current Location Shelving location Date acquired Source of acquisition Cost, normal purchase price Total Checkouts Full call number Barcode Date last seen Price effective from Koha item type Date last checked out Total Renewals Checked out
          Central Library (CL) Central Library (CL) General Stacks 10/27/2003 Allied Book Company 653.31   621.3 EDM SEECS003919 11/14/2012 01/05/2017 Book      
          Central Library (CL) Central Library (CL) General Stacks 03/27/2007 Allied Book Company 1106.60 1 621.3 EDM SEECS008278 10/13/2020 01/05/2017 Book 01/27/2020    
          Central Library (CL) Central Library (CL) General Stacks 03/27/2007 Allied Book Company 1106.60 1 621.3 EDM SEECS008277 10/23/2020 01/05/2017 Book 09/20/2019    
          Central Library (CL) Central Library (CL) General Stacks 10/27/2003 Allied Book Company 653.31 2 621.3 EDM SEECS003918 01/12/2026 01/05/2017 Book 01/12/2026 1 04/23/2026
© 2023 Central Library, National University of Sciences and Technology. All Rights Reserved.